ចចកពាក់ស្រោមមុខ / (Record no. 9233)

MARC details
000 -LEADER
fixed length control field 01230nam a22002777a 4500
001 - CONTROL NUMBER
control field 9233
003 - CONTROL NUMBER IDENTIFIER
control field FISKH
005 - DATE AND TIME OF LATEST TRANSACTION
control field 20251204092040.0
008 - FIXED-LENGTH DATA ELEMENTS--GENERAL INFORMATION
fixed length control field 251204b cb ||||| |||| 00| 0 eng d
040 ## - CATALOGING SOURCE
Original cataloging agency FISKH
Language of cataloging khr
Transcribing agency FISKH
Modifying agency FISKH
050 ## - LIBRARY OF CONGRESS CALL NUMBER
Classification number PZ7
082 ## - DEWEY DECIMAL CLASSIFICATION NUMBER
Classification number 398.2
100 ## - MAIN ENTRY--PERSONAL NAME
Personal name Chantha Rith , Nav
245 ## - TITLE STATEMENT
Title ចចកពាក់ស្រោមមុខ /
Statement of responsibility, etc. និពន្ធដោយ លោក ណាវ ចាន់ថារិទ្ធិ ,​ វិចិត្រករគំនូរ ដោយ អ្នកស្រី ចាន់ ពិសី
260 ## - PUBLICATION, DISTRIBUTION, ETC.
Place of publication, distribution, etc. ភ្នំពេញ :
Name of publisher, distributor, etc. អង្គការទស្សនះពិភពលោកកម្ពុជា ,​
300 ## - PHYSICAL DESCRIPTION
Extent 15 pages :
Other physical details color illustrations ;
Dimensions 25 cm .
505 ## - FORMATTED CONTENTS NOTE
Formatted contents note L <br/>
520 ## - SUMMARY, ETC.
Summary, etc. សៀវភៅនេះនិយាយអំពីទេសចរណ៏ផ្លូវភេទលើកុមារ។
520 ## - SUMMARY, ETC.
Summary, etc. This book talks about child sex tourism.
521 8# - TARGET AUDIENCE NOTE
Target audience note 530 <br/>
Source Lexile estimate <br/>
521 8# - TARGET AUDIENCE NOTE
Target audience note L <br/>
Source Raz-Plus <br/>
650 ## - SUBJECT ADDED ENTRY--TOPICAL TERM
Topical term or geographic name entry element ចចកពាក់ស្រោមមុខ
Form subdivision រឿងនិទានអប់រំ
700 ## - ADDED ENTRY--PERSONAL NAME
Personal name Pisey , Chan
Relator term Illustratior
942 ## - ADDED ENTRY ELEMENTS (KOHA)
Source of classification or shelving scheme Dewey Decimal Classification
Koha item type Khmer Books
Suppress in OPAC No
Holdings
Withdrawn status Lost status Source of classification or shelving scheme Damaged status Not for loan Collection Home library Current library Shelving location Date acquired Total Checkouts Full call number Barcode Date last seen Price effective from Koha item type
    Dewey Decimal Classification     Khmer Language Books / សៀវភៅភាសាខ្មែរ Footprints International School Library Network Toul Tom Poung Campus Footprints International School Library Network Toul Tom Poung Campus TTP Primary Khmer Bookshelves 12/04/2025   CHA PZ7 398.2 2025-5016 12/04/2025 12/04/2025 Khmer Books